Mei' Erzgebirg'

Titel: Mei' Erzgebirg' : Heimatblatt für den Landkreis Preßnitz-Weipert und St. Joachimsthal
Veröffentlicht: Augsburg : Günther, 1954-2012
Karlsruhe-Durlach : Miersch, 1964-1990
Erscheinungsverlauf: 1.1954 - 59.2012; auch mit durchgehender Nr.-Zählung
Umfang: 30 cm
Format: Zeitschrift, Zeitung
Sprache: Deutsch
Schlagworte:
Frühere/Spätere Titel: Aufgeg. in: . Kaadner Heimatbrief
Kein Bild verfügbar
X
Lokale Klassifikation: 25 3 H
alg: 4777248
001A    $06050:20-06-96 
001B    $01999:10-03-23 $t18:31:32.000 
001D    $06050:09-10-15 
001U    $0utf8 
001X    $00 
002@    $0Abvc 
002C    $aText $btxt $2rdacontent 
002D    $aohne Hilfsmittel zu benutzen $bn $2rdamedia 
002E    $aBand $bnc $2rdacarrier 
003@    $0047772484 
003O    $0224536995 $aOCoLC 
006D    $0950005800 
006Z    $0526815-1 
007A    $0526815-1 $aZDB 
010@    $ager 
011@    $a1954 $b2012 $n1954-2012 
013D    $RPresse $RFortlaufendes Sammelwerk $#Periodicals $#Yearbooks $#Périodiques $#Annuaires $#Publicaciones periódicas $#journals $#Periodical $#Periodicals as Topic $#Zeitschrift $#Zeitschrift $#Periodikum $#Zeitschriften $74067488-5 $8Zeitschrift [Tsz] $9085189774 
018@    $0m 
021A    $aMei' Erzgebirg' $dHeimatblatt für den Landkreis Preßnitz-Weipert und St. Joachimsthal 
031@    $a1.1954 - 59.2012; auch mit durchgehender Nr.-Zählung 
031N    $d1 $j1954 $k2012 $n59 
033A    $pAugsburg $nGünther 
033A    $pKarlsruhe-Durlach $h1964-1990 $zf $nMiersch 
034I    $a30 cm 
039C    $aBeil. $8--Abvc--. Unser Sudetenland $9047116250 
039E    $aAufgeg. in $bs $8--Abvc--. Kaadner Heimatbrief $9048247405 
045E    $a61 $a06 
045T    $a7,41 $a8,1 
045U    $e060 
046P    $aPeriodizität: monatl. 

lok: 4777248 24
101B    $007-01-05 $t08:51:01.000 
145S/01 $a570 
145Z/01 $a25 3 H 
101U    $0utf8 

exp: 4777248 24 1 #EPN
201B/01 $014-10-14 $t11:18:27.000 
201U/01 $0utf8 
203@/01 $0086031864 
208@/01 $a14-01-99 $bp 
209A/01 $a25 III HZ 10 $f050 $h25 3 HZ 10 $x00 
209E/01 $a21.1975 - 38.1992; 40.1994 - 59.2012,695(Aug.) $x02 
209E/01 $a[N=38.1992,12(=459)] $x03 
220C/01 $aR. - O//07.01.05. - [[ff/G:Hrsg.]]. - Jg.1993=vergr.//aber 92,12 u. 93,1-12 sollen in Kürze als Fotok. vh sein//31.03.00(???//07.01.05). - REKL. von Nr. 696-699 ohne Erfolg! --> Kktn.-Abl.//14.10.14 
231@/01 $0 $040 $01994 $059 $02012 $d21 $j1975 $k1992 $n38 
247C/01 $8358050-7 Marburg, Bibliothek des Herder-Instituts Marburg $9102600961 

lok: 4777248 78

exp: 4777248 78 1 #EPN
201B/01 $029-10-19 $t16:53:24.000 
201U/01 $0utf8 
203@/01 $0790964627 
208@/01 $a12-11-16 $be 
209A/01 $a/ $f000 $x00 
220C/01 $aTitelaufnehmer: stud 
220C/01 $aAnmerkung: Auslegenummer 815 
237A/01 $aweiterführende Signatur(en):  25 III HZ 10 
244Z/01 $#Tschechien $#Tschechische Republik $#Tschechische Republik $#Tschechenland $#Tschechei Tschechien $#Česká Republika $#Czech Republic $#ČR $74303381-7 $8--Tg1--Tschechien $x01 $9086659812 
244Z/01 $2Trx $#Böhmen $#Bohemia $#Czechy $8--Trx--Čechy $x02 $9391188941 
244Z/01 $2Trx $#Preßnitz Komotau $8--Trx--Přísečnice$gChomutov $x03 $9391186566 
244Z/01 $2Trx $#Weipert Komotau $8--Trx--Vejprty$gChomutov $x04 $939133591X 
244Z/01 $#Sankt Joachimsthal $75123491-9 $8--Tg1--Jáchymov $x05 $9045346747 
245Z/01 $a01.02 $x01 
247C/01 $82080>Marburg/Lahn, Herder-Institut, Forschungsbibliothek, Bibliographieportal $9336309341 

lok: 4777248 204

exp: 4777248 204 1 #EPN
201B/01 $024-05-17 $t14:50:37.000 
201U/01 $0utf8 
203@/01 $0012051721 
208@/01 $a23-05-00 $bpb09 
209A/01 $aZ 30 10 $di $f092 $x00 
209E/01 $a3.1957 - 59.2012 $x02 
209E/01 $a(L=3.1957) $x03 
231@/01 $d3 $j1957 $k2012 $n59 
247C/01 $8631092-8 <26/092>Gießen, Universität Gießen, Fachbibliothek Germanistik / Sudetendeutsches Wörterbuch $9102596999
LEADER 00000cas a2200000 c 4500
001 047772484
003 DE-603
005 20230310183132.0
007 tu
008 960620d19542012xx m| p| 0 |1ger c
016 7 |2 DE-600  |a 526815-1 
035 |a (DE-599)ZDB526815-1 
035 |a (OCoLC)224536995 
040 |a DE-603  |b ger  |c DE-603  |d DE-603 
041 |a ger 
084 |a 61  |a 06  |q DE-101  |2 sdnb 
084 |a 7,41  |a 8,1  |2 ssgn 
084 |a 060  |q DE-600  |2 sdnb 
245 0 0 |a Mei' Erzgebirg'  |b Heimatblatt für den Landkreis Preßnitz-Weipert und St. Joachimsthal 
264 2 1 |a Karlsruhe-Durlach  |b Miersch  |c 1964-1990 
264 3 1 |a Augsburg  |b Günther  |c 1954-2012 
300 |c 30 cm 
336 |a Text  |b txt  |2 rdacontent 
337 |a ohne Hilfsmittel zu benutzen  |b n  |2 rdamedia 
338 |a Band  |b nc  |2 rdacarrier 
362 0 |a 1.1954 - 59.2012; auch mit durchgehender Nr.-Zählung 
363 0 0 |8 1.1\x  |a 1  |i 1954 
363 1 0 |8 1.2\x  |a 59  |i 2012 
515 |a Periodizität: monatl. 
655 7 |a Zeitschrift  |2 gnd-content  |0 (DE-588)4067488-5  |0 (DE-603)085189774 
770 0 8 |i Beil.  |t Unser Sudetenland  |w (DE-603)047116250  |w (DE-600)124023-7 
785 0 0 |i Aufgeg. in  |t Kaadner Heimatbrief  |w (DE-603)048247405  |w (DE-600)959141-2 
924 0 |9 Mb 50  |a (DE-603)086031864  |b DE-Mb50  |c HES  |d c  |g 25 III HZ 10  |m 21  |q 1975  |r 38  |v 1992  |w ;  |m 40  |q 1994  |r 59  |v 2012  |z 21.1975 - 38.1992; 40.1994 - 59.2012,695(Aug.) 
924 0 |9 2080  |a (DE-603)790964627  |b DE-2080  |c HES  |d d  |g / 
924 0 |9 26/092  |a (DE-603)012051721  |b DE-26-092  |c HES  |d d  |g Z 30 10  |m 3  |q 1957  |r 59  |v 2012  |z 3.1957 - 59.2012